00477 2200169 4500245004400000020002200044250001100066100002000077700001900097650002200116005001900138260009600157041001400253084001100267300002000278336000900298 aKamus Tata BusanacCatri SumaryathText a978-602-437-926-1 aCet. 1 aCatri Sumaryati aKunkun Purwati aKamus Tata Busana a20241031140456 aJakatabBadan Pengembangan Bahasa dan Perbukuan Kementerian Pendidikan dan Kebudayaanc2019 aIndonesia a391.03 a186 Hlm. :cPDF atext